Introductory mathematics

Bibliographic Details
Main Author: McKeague, Charles P. (Author)
Format: Book
Published: Belmont, Calif. : Wadsworth , c1981
Subjects:

MARC

LEADER 00000cam a2200000 7i4500
001 0000003275
005 20180404093000.0
008 021118n
020 |a 0534008658 
090 0 0 |a QA107   |b .M24 1981 
100 0 |a McKeague, Charles P. ,   |e author 
245 0 0 |a Introductory mathematics   |c Charles P. Mckeague 
260 2 |a Belmont, Calif. :   |b Wadsworth ,   |c c1981 
300 |a xi, 340 p., AP1-IN3 p. ; ;   |c 25 cm. 
650 0 |a Arithmetic   |y 1961- 
999 |a 1000034183   |b Book   |c OPEN SHELF (30 DAYS)   |e Gong Badak Campus